[Event "Detroit op"]
[Site "Detroit"]
[Date "1999.12.18"]
[Round "1"]
[White "Dixon, Da Vaughn"]
[Black "Elster, Isaac"]
[Result "1-0"]
[WhiteElo "987"]
[BlackElo "367"]
[PlyCount "39"]
[EventDate "1999.12.18"]
[EventType "swiss"]
[EventRounds "6"]
[EventCountry "USA"]
[SourceTitle "EXT 2007"]
[Source "ChessBase"]
[SourceDate "2006.11.23"]
[SourceVersion "1"]
[SourceVersionDate "2006.11.23"]
[SourceQuality "1"]

1. e4 e5 2. Nf3 Nf6 3. Nc3 Bc5 4. Nxe5 Qe7 5. d4 d6 6. dxc5 dxc5 7. Nf3 0-0 8. Bd3 Nc6 9. 0-0 Be6 10. Bg5 Rad8 11. e5 Nxe5 12. Nxe5 Kh8 13. Re1 Rde8 14. Ne4 b6 15. Qf3 Rc8 16. Ba6 Rb8 17. Nc6 Ra8 18. Nxe7 Rfe8 19. Bxf6 gxf6 20. Qxf6# 1-0